00895nam a2200205 a 450000100100000000500170001000800410002702000150006804000250008308200140010810000440012224501600016626000730032630000210039949000410042050000510046183000480051295201120056099900170067200003729120200930080253.0120321s1985 sp 000 0 spa d a8400061004 aDO-SdBNPbspacBNPHU axxxxbxxx1 aFernández Izquierdo, Francisco96372913aLa encomienda calatrava de Vállaga, siglos XV-XVIII. Su explotación económica y la administración de sus rentas /cFrancisco Fernández Izquierdo. aMadrid, :bConsejo Superior de Investigaciones Científicas,c1985. a157 p. ;c24 cm.1 aMonografías de historia modernav2 aIncluye referencias y notas al pie de página 0aMonografías de historia modernav2963730 001050718MOaGRbGRcCTd2012-03-21iLF1l0oxxxx xxxp37291-10r2020-06-25w2020-06-25y1ZNo se presta c36781d36781